03531nam a22003017a 4500001000400000003000400004005001700008008004100025040000800066041001300074082001500087100003200102240002200134245012400156260003500280300001600315520270300331650002303034650001503057650001203072650001803084650001603102650001003118655001203128655001603140700003303156700004003189288OSt20250528074017.0250317b |||||||e |||| 00| 1 eng d bpor hengapor a823bB869m1 aBrontë, Emily,d1818-1848 aWuthering Heights aO morro dos ventos uivantes /cBrontë, Emily ; Tradução de Marcia Heloisa e Ilustração de Luciana Vasconcelos aRio de JaneirobDarkSidec2021 a410 p.bil. aTurbulência, impetuosidade e misticismo. Originalmente publicado em 1847, O Morro dos Ventos Uivantes, de Emily Brontë, combina paixão e trevas de maneira surpreendente ― emoções que os leitores apaixonados pela DarkLove, marca da DarkSide® Books que revela as novas vozes femininas da literatura, conhecem bem. Um dos grandes romances das irmãs Brontë, este clássico que apresenta uma história fantasmagórica de obsessão, vingança e paixões intensas ganha agora uma edição limitada com uma nova capa. Na trama, o órfão Heathcliff é acolhido ainda criança pela família Earnshaw e apaixona-se pela pequena Catherine. O afeto, embora correspondido, transforma-se num amor impossível. Tal vínculo devastador é envolto por uma atmosfera sombria e um teor dramático e audaz que consolidaram Emily Brontë como uma das rainhas da literatura inglesa. Publicado sob o pseudônimo Ellis Bell, O Morro dos Ventos Uivantes não foi bem recebido pela crítica; sua atmosfera lúgubre e estrutura inovadora chocaram a sociedade da época, e os temas impactantes eram sensíveis à moral vitoriana. Por muito tempo pensou-se que o livro havia sido escrito por um homem, até que, em 1850, passou a ser publicado com o nome verdadeiro da autora. História vertiginosa, O Morro dos Ventos Uivantes cativa pela complexidade de seus personagens. Todos são humanos e passionais, e tão fascinantes que ultrapassaram as barreiras do tempo e permanecem na memória de leitores em todo o mundo. Único romance escrito por Emily Brontë, esta obra-prima concentra toda a perspicácia, imaginação e autenticidade da autora em uma narrativa hipnotizante. A edição limitada traz uma capa nova, mas mantem o conteúdo que já apaixonou muitos darksiders: as ilustrações de Luciana Vasconcelos, a tradução de Marcia Heloisa e uma seleção de extras para aprofundar ainda mais a experiência da leitura: introdução DarkSide, dois prefácios de Charlotte Brontë, trechos biográficos de Emily assinados por Elizabeth Gaskell, um ensaio que Emily escreveu em francês, linha do tempo, resenhas da época e uma mini biografia poética da autora. DarkLove Classics DarkLove Classics é uma marca que reúne histórias inovadoras escritas por mulheres à frente de seu tempo: vozes do passado que abriram caminho para autoras no presente. Os títulos mais amados da literatura clássica agora têm lugar reservado na DarkSide® Books, em uma homenagem aos corações românticos e valentes que nos trouxeram até aqui. A força da escrita feminina, onde tudo começou. Mulheres eternas, clássicas e imortais. 0aLiteratura Inglesa 0aMistério 0aSombrio 0aPsicológico 0aClássicos 0aFilme 0aRomance 0aFicção  aMarcia HeloisaeTradução aLuciana VasconceloseIlustração